000 00501 a2200157 4500
999 _c8792
_d8792
020 _a9781440173745
050 _aRC254 JON 1991
100 _a Jones, R.
245 _a In The Darker Shadow ofScience :
_bthe Subjugation of Cancer/
_cRobert Jones
264 _aLondon :
_bCancer Research Press,
_c2009.
300 _a559 pages :
500 _aincludes bibliographical references and index.
650 _aCancer -- Research.
650 _aOncologists -- Biography.
942 _2lcc
_cBK
_h254
_iJON
_kRC